000 00384nam a2200169Ia 4500
008 230524s9999 xx 000 0 und d
082 _a576
_bPRE
100 _aL.M.Prescott
245 0 _aMicrobiology
250 _a6TH
260 _aNEW DELHI
_bTMH
_c2005
300 _aIX;990
500 _aQuantity Number: 2
650 _aBiomedical
700 _a John P.Harley
942 _cBK
999 _c33710
_d33710